Państwa Afryki- dwie pierwsze litery. - Statystyki

Ogólne statystyki
  • Ten quiz został rozwiązany 7 550 razy
  • Średni wynik to 43 z 54
Statystyki odpowiedzi
Państwo % Poprawnych
Madagaskar
96%
Malawi
96%
Mali
96%
Maroko
96%
Mauretania
96%
Mauritius
96%
Algieria
93%
Egipt
93%
Republika Południowej Afryki
92%
Republika Środkowoafrykańska
92%
Republika Zielonego Przylądka
92%
Komory
87%
Kongo
87%
Niger
86%
Nigeria
86%
Liberia
85%
Libia
85%
Angola
83%
Senegal
83%
Seszele
83%
Suazi
82%
Sudan
82%
Sudan Południowy
82%
Zambia
82%
Demokratyczna Republika Konga
81%
Zimbabwe
81%
Czad
80%
Etiopia
79%
Kenia
78%
Tunezja
78%
Wybrzeże Kości Słoniowej
78%
Wyspy Świętego Tomasza i Książęca
78%
Botswana
77%
Gabon
76%
Gambia
76%
Kamerun
76%
Mozambik
76%
Somalia
76%
Burkina Faso
75%
Burundi
75%
Benin
74%
Erytrea
74%
Tanzania
74%
Namibia
73%
Gwiena
71%
Gwinea Bissau
71%
Gwinea Równikowa
71%
Lesotho
71%
Togo
69%
Ghana
68%
Sierra Leone
64%
Uganda
64%
Rwanda
62%
Dżibuti
60%
Nie znaleziono quizów pasujących do podanych kryteriów
Rozkład punktacji
Procent ludzi z każdym wynikiem
Percentyl według liczby udzielonych odpowiedzi
Twoja historia wyników
Nie rozwiązałeś tego quizu